Agile Competition and virtual organization: strategies for enriching the customer / (Record no. 641)

MARC details
000 -LEADER
fixed length control field 01119nam a22002177a 4500
005 - DATE AND TIME OF LATEST TRANSACTION
control field 20210414113921.0
008 - FIXED-LENGTH DATA ELEMENTS--GENERAL INFORMATION
fixed length control field 120301t xxu||||| |||| 00| 0 eng d
020 ## - INTERNATIONAL STANDARD BOOK NUMBER
International Standard Book Number 0442019033
050 ## - LIBRARY OF CONGRESS CALL NUMBER
Classification number HD41.DD51
100 ## - MAIN ENTRY--PERSONAL NAME
Personal name Goldman, Steven L
245 ## - TITLE STATEMENT
Title Agile Competition and virtual organization: strategies for enriching the customer /
Statement of responsibility, etc. Steven L.Goldman, Roger N. Nagel and Keneth Preiss
260 ## - PUBLICATION, DISTRIBUTION, ETC.
Place of publication, distribution, etc. New York:
Name of publisher, distributor, etc. Van Nostraud Reinhold,
Date of publication, distribution, etc. 1995.
300 ## - PHYSICAL DESCRIPTION
Extent xxix, 414 p.:
Other physical details ill,
Dimensions 24cm.
500 ## - GENERAL NOTE
General note Includes index.
505 ## - FORMATTED CONTENTS NOTE
Formatted contents note Contents: What is agility and why do we need it? -- The Emergence of a new industrial order -- Agility: Framework for mastering change -- The Transition of agility -- Leading, learning and thinking -- Virtual organizations -- Enriching the customer -- Customizing agile business strategies -- Barriers to assimilating agility -- Enabling systems and infrastructures -- Measuring agility: A Self-assessment approach.
650 ## - SUBJECT ADDED ENTRY--TOPICAL TERM
Topical term or geographic name entry element Competition.
650 ## - SUBJECT ADDED ENTRY--TOPICAL TERM
Topical term or geographic name entry element Organizational change.
650 ## - SUBJECT ADDED ENTRY--TOPICAL TERM
Topical term or geographic name entry element Customer services.
700 ## - ADDED ENTRY--PERSONAL NAME
Personal name NAGEL, Roger N and PREISS, Keneth
942 ## - ADDED ENTRY ELEMENTS (KOHA)
Source of classification or shelving scheme Library of Congress Classification
Koha item type Books
Holdings
Withdrawn status Lost status Source of classification or shelving scheme Damaged status Not for loan Home library Current library Shelving location Date acquired Total Checkouts Full call number Barcode Date last seen Copy number Price effective from Koha item type
    Library of Congress Classification     WISCONSIN INTERNATIONAL UNIVERSITY COLLEGE, GHANA - MAIN LIBRARY WISCONSIN INTERNATIONAL UNIVERSITY COLLEGE, GHANA - MAIN LIBRARY General Stacks 01/03/2012   HD41.D51 1440/12 01/03/2012 1 01/03/2012 Books

If you have any concerns or questions; kindly contact the library


© Powered by WIUC ICT DIRECTORATE